000 00835nam a2200265Ia 4500
003 OSt
005 20220918163740.0
006 a|||||r|||| 00| 0
007 ta
008 220917b |||||||| |||| 00| 0 eng d
020 _a0231137524 (pbk)
_c997.88
024 _a234,547
037 _b12044, 14/03/2008, Overseas Press
_cTextual
040 _aARTS
_cARTS
_beng
041 _2eng
_aeng
082 _aR34, P7
100 _aSearle John R.
_915021
245 0 _aFreedom and neurobiology
_b reflections on free will, language and political power
260 _aNew York
_bColumbia University Press USA
_c2007
300 _a113p.
_ccm.
490 _aColumbia themes in philosophy
650 _aPHILOSOPHY
942 _hR34, P7
_cTEXL
_2CC
999 _c121222
_d121222